[Event "ODJM B 2025"]
[Site "Willingen GER"]
[Date "2025.06.13"]
[Round "8"]
[White "Krannich, Eva"]
[Black "Grunert, Greta"]
[Result "1-0"]
[Termination "normal"]
[Board "63"]
[WhiteElo "1509"]
[BlackElo "1558"]
[WhiteClock "00:42:06"]
[BlackClock "00:08:06"]
[PlyCount "135"]
[WhiteFideId "34639713"]
[BlackFideId "16258649"]
[EventCountry "GER"]
[EventRounds "9"]
[EventType "swiss"]
[EventDate "2025.06.07"]

1. c4 {[%clk 01:30:59]} e6 {[%clk 01:30:51]} {[%emt 00:00:10]} 2. d3 {[%clk
01:31:00]} {[%emt 00:00:29]} d5 {[%clk 01:30:33]} {[%emt 00:00:47]} 3. Qc2
{[%clk 01:30:52]} {[%emt 00:00:37]} Nf6 {[%clk 01:29:31]} {[%emt 00:01:32]} 4.
g3 {[%clk 01:29:27]} {[%emt 00:01:55]} c5 {[%clk 01:26:05]} {[%emt 00:03:57]}
5. Bg2 {[%clk 01:29:28]} {[%emt 00:00:29]} Be7 {[%clk 01:22:17]} {[%emt
00:04:18]} 6. Nf3 {[%clk 01:28:47]} {[%emt 00:01:10]} Nc6 {[%clk 01:22:02]}
{[%emt 00:00:45]} 7. a3 {[%clk 01:27:16]} {[%emt 00:02:01]} O-O {[%clk
01:17:50]} {[%emt 00:04:43]} 8. O-O {[%clk 01:27:23]} {[%emt 00:00:22]} a6
{[%clk 01:09:32]} {[%emt 00:08:48]} 9. Nbd2 {[%clk 01:20:21]} {[%emt 00:07:32]}
b5 {[%clk 01:03:48]} {[%emt 00:06:14]} 10. b3 {[%clk 01:20:30]} {[%emt
00:00:22]} Bb7 {[%clk 00:55:38]} {[%emt 00:08:40]} 11. Bb2 {[%clk 01:18:09]}
{[%emt 00:02:51]} d4 {[%clk 00:53:44]} {[%emt 00:02:24]} 12. Ne5 {[%clk
01:08:05]} {[%emt 00:10:34]} Qc7 {[%clk 00:50:17]} {[%emt 00:03:56]} 13. Nxc6
{[%clk 01:07:32]} {[%emt 00:01:04]} Bxc6 {[%clk 00:50:42]} {[%emt 00:00:05]}
14. Nf3 {[%clk 01:07:41]} {[%emt 00:00:20]} Bd6 {[%clk 00:46:53]} {[%emt
00:04:20]} 15. b4 {[%clk 01:01:53]} {[%emt 00:06:19]} e5 {[%clk 00:26:43]}
{[%emt 00:20:40]} 16. bxc5 {[%clk 00:58:06]} {[%emt 00:04:17]} Bxc5 {[%clk
00:26:05]} {[%emt 00:01:08]} 17. cxb5 {[%clk 00:53:44]} {[%emt 00:04:53]} Bxb5
{[%clk 00:24:31]} {[%emt 00:02:03]} 18. a4 {[%clk 00:53:27]} {[%emt 00:00:47]}
Bd7 {[%clk 00:24:02]} {[%emt 00:00:58]} 19. Ba3 {[%clk 00:51:58]} {[%emt
00:02:01]} Rfc8 {[%clk 00:22:05]} {[%emt 00:02:26]} 20. Rfc1 {[%clk 00:51:16]}
{[%emt 00:01:12]} Bb6 {[%clk 00:18:43]} {[%emt 00:03:47]} 21. Qxc7 {[%clk
00:50:40]} {[%emt 00:01:11]} Bxc7 {[%clk 00:17:41]} {[%emt 00:01:32]} 22. Nxd4
{[%clk 00:49:39]} {[%emt 00:01:31]} Rab8 {[%clk 00:16:07]} {[%emt 00:02:04]}
23. Nc6 {[%clk 00:47:14]} {[%emt 00:02:55]} Bxc6 {[%clk 00:15:51]} {[%emt
00:00:47]} 24. Rxc6 {[%clk 00:47:25]} {[%emt 00:00:19]} Bb6 {[%clk 00:13:14]}
{[%emt 00:03:04]} 25. Rac1 {[%clk 00:44:50]} {[%emt 00:03:07]} Rxc6 {[%clk
00:11:32]} {[%emt 00:02:13]} 26. Rxc6 {[%clk 00:44:54]} {[%emt 00:00:26]} h6
{[%clk 00:06:18]} {[%emt 00:05:43]} 27. h3 {[%clk 00:42:26]} {[%emt 00:02:59]}
Nh5 {[%clk 00:04:49]} {[%emt 00:01:59]} 28. Bc5 {[%clk 00:42:16]} {[%emt
00:00:40]} Bxc5 {[%clk 00:04:48]} {[%emt 00:00:31]} 29. Rxc5 {[%clk 00:42:39]}
{[%emt 00:00:07]} Rb4 {[%clk 00:03:48]} {[%emt 00:01:29]} 30. Rxe5 {[%clk
00:42:13]} {[%emt 00:00:56]} Nf6 {[%clk 00:03:48]} {[%emt 00:00:29]} 31. Ra5
{[%clk 00:41:33]} {[%emt 00:01:12]} Rb2 {[%clk 00:03:47]} {[%emt 00:00:30]} 32.
Bf3 {[%clk 00:41:57]} {[%emt 00:00:07]} Nd7 {[%clk 00:03:27]} {[%emt 00:00:50]}
33. Rxa6 {[%clk 00:41:49]} {[%emt 00:00:39]} Ne5 {[%clk 00:03:21]} {[%emt
00:00:35]} 34. Kg2 {[%clk 00:40:28]} {[%emt 00:01:51]} Kf8 {[%clk 00:02:52]}
{[%emt 00:00:58]} 35. Ra8+ {[%clk 00:38:45]} {[%emt 00:02:14]} Ke7 {[%clk
00:03:13]} {[%emt 00:00:09]} 36. a5 {[%clk 00:39:00]} {[%emt 00:00:15]} f5
{[%clk 00:02:26]} {[%emt 00:01:17]} 37. a6 {[%clk 00:38:54]} {[%emt 00:00:36]}
g5 {[%clk 00:02:26]} {[%emt 00:00:29]} 38. a7 {[%clk 00:39:15]} {[%emt
00:00:09]} Ra2 {[%clk 00:02:26]} {[%emt 00:00:30]} 39. Rh8 {[%clk 00:38:49]}
{[%emt 00:00:56]} Rxa7 {[%clk 00:02:37]} {[%emt 00:00:18]} 40. Rh7+ {[%clk
00:39:15]} {[%emt 00:00:05]} Nf7 {[%clk 00:02:52]} {[%emt 00:00:15]} 41. Bd5
{[%clk 00:39:29]} {[%emt 00:00:16]} Kf6 {[%clk 00:02:55]} {[%emt 00:00:26]} 42.
Rxf7+ {[%clk 00:39:41]} {[%emt 00:00:18]} Rxf7 {[%clk 00:03:17]} {[%emt
00:00:08]} 43. Bxf7 {[%clk 00:40:06]} {[%emt 00:00:05]} Kxf7 {[%clk 00:03:41]}
{[%emt 00:00:07]} 44. Kf3 {[%clk 00:40:24]} {[%emt 00:00:11]} Ke6 {[%clk
00:03:04]} {[%emt 00:01:06]} 45. Ke3 {[%clk 00:39:35]} {[%emt 00:01:19]} Ke5
{[%clk 00:03:13]} {[%emt 00:00:21]} 46. d4+ {[%clk 00:38:56]} {[%emt 00:01:09]}
Kd5 {[%clk 00:03:37]} {[%emt 00:00:06]} 47. Kd3 {[%clk 00:39:20]} {[%emt
00:00:06]} h5 {[%clk 00:03:37]} {[%emt 00:00:30]} 48. f3 {[%clk 00:39:30]}
{[%emt 00:00:20]} g4 {[%clk 00:03:12]} {[%emt 00:00:54]} 49. h4 {[%clk
00:37:25]} {[%emt 00:02:36]} f4 {[%clk 00:02:43]} {[%emt 00:01:00]} 50. e4+
{[%clk 00:37:48]} {[%emt 00:00:06]} fxe3 {[%clk 00:02:31]} {[%emt 00:00:42]}
51. Kxe3 {[%clk 00:38:09]} {[%emt 00:00:09]} gxf3 {[%clk 00:02:38]} {[%emt
00:00:22]} 52. Kxf3 {[%clk 00:38:34]} {[%emt 00:00:05]} Kxd4 {[%clk 00:02:53]}
{[%emt 00:00:15]} 53. Kf4 {[%clk 00:38:59]} {[%emt 00:00:05]} Kd5 {[%clk
00:03:14]} {[%emt 00:00:10]} 54. Kg5 {[%clk 00:38:34]} {[%emt 00:00:55]} Ke6
{[%clk 00:03:36]} {[%emt 00:00:08]} 55. Kxh5 {[%clk 00:38:54]} {[%emt
00:00:09]} Kf7 {[%clk 00:04:00]} {[%emt 00:00:06]} 56. Kh6 {[%clk 00:38:44]}
{[%emt 00:00:40]} Kg8 {[%clk 00:04:19]} {[%emt 00:00:11]} 57. Kg6 {[%clk
00:39:09]} {[%emt 00:00:04]} Kh8 {[%clk 00:04:43]} {[%emt 00:00:06]} 58. Kf7
{[%clk 00:39:26]} {[%emt 00:00:13]} Kh7 {[%clk 00:05:04]} {[%emt 00:00:08]} 59.
g4 {[%clk 00:39:44]} {[%emt 00:00:13]} Kh6 {[%clk 00:05:11]} {[%emt 00:00:23]}
60. g5+ {[%clk 00:40:08]} {[%emt 00:00:06]} Kh7 {[%clk 00:05:33]} {[%emt
00:00:07]} 61. g6 {[%clk 00:40:30]} {[%emt 00:00:08]} Kh6 {[%clk 00:05:52]}
{[%emt 00:00:11]} 62. g7 {[%clk 00:40:57]} {[%emt 00:00:04]} Kh5 {[%clk
00:06:12]} {[%emt 00:00:09]} 63. g8=Q {[%clk 00:40:25]} {[%emt 00:01:03]} Kxh4
{[%clk 00:06:35]} {[%emt 00:00:06]} 64. Kf6 {[%clk 00:40:49]} {[%emt 00:00:06]}
Kh3 {[%clk 00:06:57]} {[%emt 00:00:08]} 65. Kf5 {[%clk 00:41:15]} {[%emt
00:00:05]} Kh2 {[%clk 00:07:20]} {[%emt 00:00:06]} 66. Kf4 {[%clk 00:41:42]}
{[%emt 00:00:03]} Kh1 {[%clk 00:07:42]} {[%emt 00:00:08]} 67. Kf3 {[%clk
00:42:09]} {[%emt 00:00:03]} Kh2 {[%clk 00:08:06]} {[%emt 00:00:06]} 68. Qg2+
{[%clk 00:42:06]} {[%emt 00:00:03]} 1-0

[Event "ODJM B 2025"]
[Site "Willingen GER"]
[Date "2025.06.13"]
[Round "8"]
[White "Jüngling, Leonard"]
[Black "Görlach, Hanna"]
[Result "1/2-1/2"]
[Termination "normal"]
[Board "64"]
[WhiteElo "1522"]
[BlackElo "1511"]
[WhiteClock "00:18:47"]
[BlackClock "00:23:41"]
[PlyCount "97"]
[WhiteFideId "34669116"]
[BlackFideId "34675604"]
[EventCountry "GER"]
[EventRounds "9"]
[EventType "swiss"]
[EventDate "2025.06.07"]

1. e4 {[%clk 01:30:59]} {[%emt 00:00:01]} c5 {[%clk 01:30:53]} {[%emt
00:00:07]} 2. Nf3 {[%clk 01:31:26]} {[%emt 00:00:03]} Nc6 {[%clk 01:31:19]}
{[%emt 00:00:04]} 3. d4 {[%clk 01:31:53]} {[%emt 00:00:03]} cxd4 {[%clk
01:31:44]} {[%emt 00:00:05]} 4. Nxd4 {[%clk 01:32:19]} {[%emt 00:00:04]} g6
{[%clk 01:32:09]} {[%emt 00:00:05]} 5. c4 {[%clk 01:32:37]} {[%emt 00:00:12]}
Bg7 {[%clk 01:32:34]} {[%emt 00:00:05]} 6. Be3 {[%clk 01:32:50]} {[%emt
00:00:17]} Nf6 {[%clk 01:32:54]} {[%emt 00:00:10]} 7. Nc3 {[%clk 01:32:39]}
{[%emt 00:00:41]} O-O {[%clk 01:33:05]} {[%emt 00:00:19]} 8. Qd2 {[%clk
01:32:45]} {[%emt 00:00:25]} d6 {[%clk 01:31:46]} {[%emt 00:01:48]} 9. Be2
{[%clk 01:32:11]} {[%emt 00:01:04]} Bd7 {[%clk 01:32:00]} {[%emt 00:00:16]} 10.
O-O {[%clk 01:32:31]} {[%emt 00:00:10]} Nxd4 {[%clk 01:30:33]} {[%emt
00:01:58]} 11. Bxd4 {[%clk 01:32:47]} {[%emt 00:00:14]} Bc6 {[%clk 01:29:34]}
{[%emt 00:01:28]} 12. f3 {[%clk 01:32:13]} {[%emt 00:01:04]} a5 {[%clk
01:25:06]} {[%emt 00:04:58]} 13. Kh1 {[%clk 01:23:24]} {[%emt 00:09:19]} Nd7
{[%clk 01:24:42]} {[%emt 00:00:54]} 14. Be3 {[%clk 01:14:13]} {[%emt 00:09:41]}
Nc5 {[%clk 01:19:39]} {[%emt 00:05:33]} 15. Rfd1 {[%clk 01:02:54]} {[%emt
00:11:48]} a4 {[%clk 01:12:32]} {[%emt 00:07:38]} 16. Rac1 {[%clk 00:53:04]}
{[%emt 00:10:20]} Qa5 {[%clk 01:01:18]} {[%emt 00:11:44]} 17. Qe1 {[%clk
00:39:19]} {[%emt 00:14:15]} Rfd8 {[%clk 00:42:36]} {[%emt 00:19:12]} 18. Bf1
{[%clk 00:33:23]} {[%emt 00:06:26]} Qc7 {[%clk 00:37:23]} {[%emt 00:05:43]} 19.
Qg3 {[%clk 00:28:20]} {[%emt 00:05:33]} Qb8 {[%clk 00:34:58]} {[%emt 00:02:55]}
20. Bf2 {[%clk 00:21:10]} {[%emt 00:07:41]} b6 {[%clk 00:30:10]} {[%emt
00:05:18]} 21. Rc2 {[%clk 00:14:18]} {[%emt 00:07:22]} Be5 {[%clk 00:16:12]}
{[%emt 00:14:27]} 22. Qg5 {[%clk 00:13:36]} {[%emt 00:01:12]} Bf6 {[%clk
00:15:44]} {[%emt 00:00:58]} 23. Qd2 {[%clk 00:12:36]} {[%emt 00:01:30]} Qb7
{[%clk 00:14:16]} {[%emt 00:01:58]} 24. Qe1 {[%clk 00:10:53]} {[%emt 00:02:14]}
Ne6 {[%clk 00:10:43]} {[%emt 00:04:03]} 25. h4 {[%clk 00:06:57]} {[%emt
00:04:26]} h5 {[%clk 00:08:07]} {[%emt 00:03:06]} 26. Bg3 {[%clk 00:05:06]}
{[%emt 00:02:21]} Nc7 {[%clk 00:07:27]} {[%emt 00:01:10]} 27. Rdd2 {[%clk
00:05:06]} {[%emt 00:00:30]} b5 {[%clk 00:05:49]} {[%emt 00:02:08]} 28. Qd1
{[%clk 00:03:32]} {[%emt 00:02:04]} b4 {[%clk 00:04:42]} {[%emt 00:01:36]} 29.
Ne2 {[%clk 00:02:53]} {[%emt 00:01:08]} b3 {[%clk 00:04:21]} {[%emt 00:00:52]}
30. axb3 {[%clk 00:03:13]} {[%emt 00:00:11]} axb3 {[%clk 00:04:45]} {[%emt
00:00:06]} 31. Rc1 {[%clk 00:03:33]} {[%emt 00:00:10]} Ne6 {[%clk 00:03:20]}
{[%emt 00:01:55]} 32. Nc3 {[%clk 00:00:54]} {[%emt 00:03:09]} Bg7 {[%clk
00:02:10]} {[%emt 00:01:40]} 33. Ra1 {[%clk 00:00:36]} {[%emt 00:00:48]} Rxa1
{[%clk 00:02:23]} {[%emt 00:00:16]} 34. Qxa1 {[%clk 00:01:05]} {[%emt
00:00:01]} Ra8 {[%clk 00:02:45]} {[%emt 00:00:09]} 35. Qd1 {[%clk 00:00:57]}
{[%emt 00:00:38]} Bh6 {[%clk 00:02:41]} {[%emt 00:00:34]} 36. Rd3 {[%clk
00:00:35]} {[%emt 00:00:53]} Nf4 {[%clk 00:02:07]} {[%emt 00:01:04]} 37. Bxf4
{[%clk 00:00:58]} {[%emt 00:00:07]} Bxf4 {[%clk 00:02:32]} {[%emt 00:00:04]}
38. Nd5 {[%clk 00:00:39]} {[%emt 00:00:49]} Bxd5 {[%clk 00:02:55]} {[%emt
00:00:07]} 39. cxd5 {[%emt 00:00:20]} Rb8 {[%clk 00:02:46]} {[%emt 00:00:38]}
40. Be2 {[%clk 00:00:34]} {[%emt 00:00:46]} Qb6 {[%clk 00:02:23]} {[%emt
00:00:54]} 41. Qe1 {[%clk 00:28:11]} {[%emt 00:02:53]} Be5 {[%clk 00:28:20]}
{[%emt 00:04:33]} 42. Bd1 {[%clk 00:28:04]} {[%emt 00:00:36]} Bxb2 {[%clk
00:28:28]} {[%emt 00:00:22]} 43. Rxb3 {[%clk 00:28:16]} {[%emt 00:00:18]} Qa7
{[%clk 00:28:28]} {[%emt 00:00:30]} 44. Rxb8+ {[%clk 00:20:26]} {[%emt
00:08:20]} Qxb8 {[%clk 00:28:51]} {[%emt 00:00:07]} 45. Qd2 {[%clk 00:20:09]}
{[%emt 00:00:48]} Qb6 {[%clk 00:27:43]} {[%emt 00:01:37]} 46. Qc2 {[%clk
00:19:34]} {[%emt 00:01:06]} Be5 {[%clk 00:25:01]} {[%emt 00:03:11]} 47. Qc8+
{[%clk 00:18:42]} {[%emt 00:01:23]} Kg7 {[%clk 00:25:26]} {[%emt 00:00:05]} 48.
Qc2 {[%clk 00:18:43]} {[%emt 00:00:29]} Qa5 {[%clk 00:23:41]} {[%emt 00:02:15]}
49. Qe2 {[%clk 00:18:47]} {[%emt 00:00:26]} 1/2-1/2

[Event "ODJM B 2025"]
[Site "Willingen GER"]
[Date "2025.06.13"]
[Round "8"]
[White "Subocz, Barbara"]
[Black "Menke, Xaver Louis"]
[Result "1-0"]
[Termination "normal"]
[Board "65"]
[WhiteElo "1559"]
[BlackElo "1631"]
[WhiteClock "00:26:57"]
[BlackClock "00:48:01"]
[PlyCount "77"]
[WhiteFideId "41805658"]
[BlackFideId "34663134"]
[EventCountry "GER"]
[EventRounds "9"]
[EventType "swiss"]
[EventDate "2025.06.07"]

1. e4 {[%clk 01:30:58]} {[%emt 00:00:01]} e5 {[%clk 01:30:56]} {[%emt
00:00:05]} 2. f4 {[%clk 01:31:08]} {[%emt 00:00:21]} d6 {[%clk 01:30:37]}
{[%emt 00:00:49]} 3. Nf3 {[%clk 01:30:15]} {[%emt 00:01:22]} Nc6 {[%clk
01:30:22]} {[%emt 00:00:46]} 4. Nc3 {[%clk 01:29:36]} {[%emt 00:01:08]} Nf6
{[%clk 01:28:59]} {[%emt 00:01:54]} 5. Bb5 {[%clk 01:28:02]} {[%emt 00:02:03]}
Bg4 {[%clk 01:27:31]} {[%emt 00:01:57]} 6. h3 {[%clk 01:25:44]} {[%emt
00:02:49]} Bxf3 {[%clk 01:27:02]} {[%emt 00:01:00]} 7. Qxf3 {[%clk 01:25:35]}
{[%emt 00:00:38]} a6 {[%clk 01:26:01]} {[%emt 00:01:30]} 8. Bxc6+ {[%clk
01:22:54]} {[%emt 00:03:13]} bxc6 {[%clk 01:25:24]} {[%emt 00:01:07]} 9. O-O
{[%clk 01:22:17]} {[%emt 00:01:05]} Be7 {[%clk 01:22:55]} {[%emt 00:03:01]} 10.
fxe5 {[%clk 01:20:24]} {[%emt 00:02:23]} dxe5 {[%clk 01:23:00]} {[%emt
00:00:25]} 11. d3 {[%clk 01:18:42]} {[%emt 00:02:11]} O-O {[%clk 01:20:39]}
{[%emt 00:02:52]} 12. Nd1 {[%clk 01:16:18]} {[%emt 00:02:53]} Bc5+ {[%clk
01:18:53]} {[%emt 00:02:16]} 13. Kh1 {[%clk 01:13:47]} {[%emt 00:03:01]} Qd6
{[%clk 01:16:59]} {[%emt 00:02:23]} 14. Qg3 {[%clk 01:07:57]} {[%emt 00:05:54]}
Nh5 {[%clk 01:14:07]} {[%emt 00:03:48]} 15. Qh4 {[%clk 01:04:27]} {[%emt
00:03:17]} Qg6 {[%clk 01:08:46]} {[%emt 00:06:34]} 16. Kh2 {[%clk 00:58:02]}
{[%emt 00:06:50]} Rae8 {[%clk 01:06:18]} {[%emt 00:03:03]} 17. Rf5 {[%clk
00:56:09]} {[%emt 00:02:20]} Nf4 {[%clk 01:01:39]} {[%emt 00:05:12]} 18. Bxf4
{[%clk 00:54:44]} {[%emt 00:01:55]} exf4 {[%clk 01:00:39]} {[%emt 00:01:31]}
19. Rxc5 {[%clk 00:53:05]} {[%emt 00:02:08]} f3 {[%clk 01:00:27]} {[%emt
00:00:42]} 20. Rg5 {[%clk 00:52:17]} {[%emt 00:01:07]} Qf6 {[%clk 00:57:49]}
{[%emt 00:03:17]} 21. Qg3 {[%clk 00:49:44]} {[%emt 00:02:58]} f2 {[%clk
00:56:59]} {[%emt 00:01:26]} 22. Nxf2 {[%clk 00:49:33]} {[%emt 00:00:38]} Qxb2
{[%clk 00:56:41]} {[%emt 00:00:51]} 23. Rf1 {[%clk 00:45:33]} {[%emt 00:04:26]}
Re6 {[%clk 00:54:42]} {[%emt 00:02:34]} 24. c4 {[%clk 00:41:18]} {[%emt
00:04:39]} Rg6 {[%clk 00:54:51]} {[%emt 00:00:24]} 25. Rxg6 {[%clk 00:40:16]}
{[%emt 00:01:33]} fxg6 {[%clk 00:51:40]} {[%emt 00:03:42]} 26. Kg1 {[%clk
00:31:51]} {[%emt 00:08:50]} Qxa2 {[%clk 00:51:11]} {[%emt 00:01:05]} 27. Qxc7
{[%clk 00:31:49]} {[%emt 00:00:31]} a5 {[%clk 00:51:05]} {[%emt 00:00:37]} 28.
e5 {[%clk 00:31:50]} {[%emt 00:00:28]} a4 {[%clk 00:50:22]} {[%emt 00:01:13]}
29. e6 {[%clk 00:29:29]} {[%emt 00:02:44]} Qa3 {[%clk 00:48:50]} {[%emt
00:02:10]} 30. Qxc6 {[%clk 00:28:00]} {[%emt 00:01:57]} Qe7 {[%clk 00:48:18]}
{[%emt 00:01:03]} 31. Qxa4 {[%clk 00:28:06]} {[%emt 00:00:24]} Qxe6 {[%clk
00:48:31]} {[%emt 00:00:18]} 32. d4 {[%clk 00:28:21]} {[%emt 00:00:14]} Qe3
{[%clk 00:47:44]} {[%emt 00:01:17]} 33. c5 {[%clk 00:28:01]} {[%emt 00:00:50]}
Rd8 {[%clk 00:47:55]} {[%emt 00:00:19]} 34. Qc4+ {[%clk 00:27:44]} {[%emt
00:00:47]} Kh8 {[%clk 00:47:50]} {[%emt 00:00:36]} 35. d5 {[%clk 00:27:53]}
{[%emt 00:00:20]} h5 {[%clk 00:47:46]} {[%emt 00:00:34]} 36. c6 {[%clk
00:27:59]} {[%emt 00:00:24]} Rc8 {[%clk 00:47:55]} {[%emt 00:00:21]} 37. d6
{[%clk 00:28:08]} {[%emt 00:00:19]} Qb6 {[%clk 00:48:13]} {[%emt 00:00:13]} 38.
Rc1 {[%clk 00:28:05]} {[%emt 00:00:33]} Rf8 {[%clk 00:48:01]} {[%emt 00:00:39]}
39. Qc5 {[%clk 00:26:57]} {[%emt 00:01:37]} 1-0

[Event "ODJM B 2025"]
[Site "Willingen GER"]
[Date "2025.06.13"]
[Round "8"]
[White "Boroshneva, Kassiya"]
[Black "Meller, Nils"]
[Result "1/2-1/2"]
[Termination "normal"]
[Board "66"]
[WhiteElo "1464"]
[BlackElo "1433"]
[WhiteClock "00:35:07"]
[BlackClock "00:28:19"]
[PlyCount "77"]
[WhiteFideId "34177418"]
[BlackFideId "34644962"]
[EventCountry "GER"]
[EventRounds "9"]
[EventType "swiss"]
[EventDate "2025.06.07"]

1. d4 {[%clk 01:30:58]} {[%emt 00:00:02]} d5 {[%clk 01:30:47]} {[%emt
00:00:13]} 2. c4 {[%clk 01:31:09]} {[%emt 00:00:20]} e6 {[%clk 01:30:52]}
{[%emt 00:00:24]} 3. Nc3 {[%clk 01:31:29]} {[%emt 00:00:10]} Nf6 {[%clk
01:30:49]} {[%emt 00:00:32]} 4. cxd5 {[%clk 01:30:07]} {[%emt 00:01:53]} exd5
{[%clk 01:31:04]} {[%emt 00:00:14]} 5. Bg5 {[%clk 01:30:22]} {[%emt 00:00:15]}
Be7 {[%clk 01:29:42]} {[%emt 00:01:53]} 6. e3 {[%clk 01:30:03]} {[%emt
00:00:50]} Bf5 {[%clk 01:28:53]} {[%emt 00:01:18]} 7. Bd3 {[%clk 01:28:35]}
{[%emt 00:01:59]} Bg6 {[%clk 01:27:27]} {[%emt 00:01:56]} 8. Bxg6 {[%clk
01:27:47]} {[%emt 00:01:18]} hxg6 {[%clk 01:27:26]} {[%emt 00:00:29]} 9. h3
{[%clk 01:25:55]} {[%emt 00:02:24]} c6 {[%clk 01:24:17]} {[%emt 00:03:36]} 10.
Nf3 {[%clk 01:20:56]} {[%emt 00:05:32]} Nbd7 {[%clk 01:21:45]} {[%emt
00:03:01]} 11. Qc2 {[%clk 01:17:14]} {[%emt 00:04:14]} Qc7 {[%clk 01:19:30]}
{[%emt 00:02:45]} 12. e4 {[%clk 01:13:36]} {[%emt 00:04:08]} dxe4 {[%clk
01:15:29]} {[%emt 00:04:30]} 13. Nxe4 {[%clk 01:13:03]} {[%emt 00:01:04]} O-O
{[%clk 01:14:09]} {[%emt 00:01:50]} 14. O-O {[%clk 01:12:56]} {[%emt 00:00:37]}
Rfe8 {[%clk 01:14:01]} {[%emt 00:00:37]} 15. Rfe1 {[%clk 01:11:15]} {[%emt
00:02:11]} Nxe4 {[%clk 01:08:57]} {[%emt 00:05:32]} 16. Bxe7 {[%clk 01:07:18]}
{[%emt 00:04:28]} Rxe7 {[%clk 01:07:44]} {[%emt 00:01:43]} 17. Rxe4 {[%clk
01:03:54]} {[%emt 00:03:54]} Rae8 {[%clk 01:05:50]} {[%emt 00:02:21]} 18. Rae1
{[%clk 01:03:03]} {[%emt 00:01:23]} Nf6 {[%clk 01:04:33]} {[%emt 00:01:44]} 19.
Rxe7 {[%clk 01:01:07]} {[%emt 00:02:30]} Rxe7 {[%clk 01:04:50]} {[%emt
00:00:13]} 20. Rxe7 {[%clk 01:00:23]} {[%emt 00:01:15]} Qxe7 {[%clk 01:05:12]}
{[%emt 00:00:08]} 21. Qd3 {[%clk 00:58:49]} {[%emt 00:02:03]} Qb4 {[%clk
01:03:19]} {[%emt 00:02:17]} 22. Qe2 {[%clk 00:57:36]} {[%emt 00:01:44]} Kf8
{[%clk 01:01:42]} {[%emt 00:02:08]} 23. Kf1 {[%clk 00:55:00]} {[%emt 00:03:11]}
Qe7 {[%clk 00:59:00]} {[%emt 00:03:07]} 24. Qxe7+ {[%clk 00:54:50]} {[%emt
00:00:44]} Kxe7 {[%clk 00:59:27]} {[%emt 00:00:03]} 25. Ke2 {[%clk 00:53:54]}
{[%emt 00:01:26]} Nd5 {[%clk 00:58:14]} {[%emt 00:01:43]} 26. g3 {[%clk
00:52:53]} {[%emt 00:01:32]} f6 {[%clk 00:56:47]} {[%emt 00:01:57]} 27. Nh4
{[%clk 00:50:19]} {[%emt 00:03:04]} Kf7 {[%clk 00:52:26]} {[%emt 00:04:50]} 28.
a3 {[%clk 00:50:28]} {[%emt 00:00:22]} a5 {[%clk 00:52:30]} {[%emt 00:00:22]}
29. Nf3 {[%clk 00:48:25]} {[%emt 00:02:36]} b5 {[%clk 00:52:30]} {[%emt
00:00:29]} 30. Kd3 {[%clk 00:46:52]} {[%emt 00:02:04]} Ke6 {[%clk 00:50:05]}
{[%emt 00:02:53]} 31. Ne1 {[%clk 00:46:02]} {[%emt 00:01:22]} g5 {[%clk
00:44:58]} {[%emt 00:05:34]} 32. Nc2 {[%clk 00:45:23]} {[%emt 00:01:13]} f5
{[%clk 00:42:55]} {[%emt 00:02:30]} 33. Ne3 {[%clk 00:42:59]} {[%emt 00:02:56]}
Nxe3 {[%clk 00:36:54]} {[%emt 00:06:31]} 34. fxe3 {[%clk 00:43:02]} {[%emt
00:00:27]} Kd5 {[%clk 00:36:30]} {[%emt 00:00:50]} 35. g4 {[%clk 00:39:40]}
{[%emt 00:03:56]} g6 {[%clk 00:33:54]} {[%emt 00:03:05]} 36. b3 {[%clk
00:39:05]} {[%emt 00:01:06]} f4 {[%clk 00:28:39]} {[%emt 00:05:45]} 37. e4+
{[%clk 00:36:47]} {[%emt 00:02:49]} Ke6 {[%clk 00:28:43]} {[%emt 00:00:16]} 38.
b4 {[%clk 00:35:19]} {[%emt 00:02:07]} a4 {[%clk 00:28:19]} {[%emt 00:00:53]}
39. Ke2 {[%clk 00:35:07]} {[%emt 00:00:42]} 1/2-1/2